Central Library OPAC University of Rajshahi

Human conservation : (Record no. 34467)

MARC details
000 -LEADER
fixed length control field 00979cam a2200277u 4500
001 - CONTROL NUMBER
control field 34467
003 - CONTROL NUMBER IDENTIFIER
rucl marc code BD-RjUL
005 - DATE AND TIME OF LATEST TRANSACTION
control field 20211209052150.0
008 - FIXED-LENGTH DATA ELEMENTS--GENERAL INFORMATION
fixed length control field 140517s1943 u ab 000 0 eng d
035 ## - SYSTEM CONTROL NUMBER
System control number (BD-RjUL)
040 ## - CATALOGING SOURCE
Original cataloging agency DLC
Transcribing agency CarP
Modifying agency BD-RjUL
Language of cataloging eng
041 ## - LANGUAGE CODE
Language code of text/sound track or separate title eng
082 ## - DEWEY DECIMAL CLASSIFICATION NUMBER
Classification number 301.32
Author mark and year HUM 1943
110 1# - MAIN ENTRY--CORPORATE NAME
Corporate name or jurisdiction name as entry element United States.
Subordinate unit National resources planning board. [from old catalog]
9 (RLIN) 104822
245 10 - TITLE STATEMENT
Title Human conservation :
Remainder of title the story of our wasted resources /
260 ## - PUBLICATION, DISTRIBUTION, ETC. (IMPRINT)
Place of publication, distribution, etc. Washington :
Name of publisher, distributor, etc. U.S. Govt. print. off.,
Date of publication, distribution, etc. 1943.
300 ## - PHYSICAL DESCRIPTION
Pagination ii, 126 p. :
Illustrations illus. (incl. maps) diagrs. ;
Size 24 cm.
650 #0 - SUBJECT ADDED ENTRY--TOPICAL TERM
Topical term or geographic name as entry element Death
General subdivision Causes.
9 (RLIN) 104823
651 #0 - SUBJECT ADDED ENTRY--GEOGRAPHIC NAME
Geographic name United States
General subdivision Statistics, Vital. [from old catalog]
9 (RLIN) 104824
Geographic name United States
General subdivision Population.
9 (RLIN) 40155
700 1# - ADDED ENTRY--PERSONAL NAME
Personal name Frank, Lawrence K.
Fuller form of name (Lawrence Kelso),
Dates associated with a name 1890-1968.
Personal name Kiser, Louise K. [from old catalog]
942 ## - ADDED ENTRY ELEMENTS (KOHA)
Source of classification or shelving scheme Dewey Decimal Classification
Koha item type Books
Holdings
Lost status Source of classification or shelving scheme Damaged status Not for loan Collection code Permanent Location Current Location Shelving location Date acquired Source of acquisition Cost, normal purchase price Total Checkouts Full call number Date last seen Copy number Koha item type
  Dewey Decimal Classification   Not For Loan Non-fiction Central Library, University of Rajshahi Central Library, University of Rajshahi Reading Room 07/02/1962 Dr.A.I. Quarishi 2.00   301.32 HUM 1943 17/05/2014 C-1 Books